000 00362pab a2200121 454500
008 180718b xxu||||| |||| 00| 0 eng d
100 _aMukherjee Smriti
245 _aBalance of payment experiences of the Indian economy,1970-71,1990,1991
362 _a23(1-2), Jun-Dec 1993, p.123-48
650 _aBalance Of Payments -- India
773 _aAnvesak
909 _a27132
999 _c27132
_d27132